Lecturas de Ciencias Sociales

El texto constituye una propuesta de carácter teórico general, inspirada, principalmente en el pensamiento filosófico latinoamericano de autores tales como: Paulo Freire, Juan Carlos Scannone, Enrique Dussel y Alejandro Moreno, entre otros. Las respuestas en torno a la situación particular que vive...

Ausführliche Beschreibung

Gespeichert in:
Bibliographische Detailangaben
Körperschaft: Universidad de San Carlos de Guatemala. Escuela de Ciencia Politica. Instituto de Investigaciones Políticas y Sociales
Format: Text
Veröffentlicht: Ciudad de Guatemala: Instituto de Investigaciones Políticas y Sociales
Schlagworte:
Tags: Tag hinzufügen
Keine Tags, Fügen Sie den ersten Tag hinzu!

MARC

LEADER 00000 a a2200000 04500
001 31650
003
040
090 |a 199104  
110 |a Universidad de San Carlos de Guatemala. Escuela de Ciencia Politica. Instituto de Investigaciones Políticas y Sociales  
245 |a Lecturas de Ciencias Sociales  
260 |a Ciudad de Guatemala:   |b Instituto de Investigaciones Políticas y Sociales  
300 |a 249 p.  
520 |a El texto constituye una propuesta de carácter teórico general, inspirada, principalmente en el pensamiento filosófico latinoamericano de autores tales como: Paulo Freire, Juan Carlos Scannone, Enrique Dussel y Alejandro Moreno, entre otros. Las respuestas en torno a la situación particular que vive la Sociología Latinoamericana deben estar vinculadas con las exigencias que demanda la realidad compleja. Esta propuesta se orienta en esa dirección. Sus ideas se fundamentan en una ruptura con la racionalidad científica moderna, colocando como elementos principales al sujeto comunitario, la relación comunicativa y la acción heurística hermenéutica como vía para aproximarse a la realidad social compleja, a la búsqueda del conocimiento  
650 |a SOCIOLOGIA  
650 |a TEORIA  
650 |a IDEOLOGIAS  
650 |a HEGEMONIA  
650 |a TEORIA SOCIAL  
650 |a RESPONSABILIDAD  
650 |a CAMBIO SOCIAL  
650 |a BENEFICIO SOCIAL  
999 |c 14239  |d 14239